| 000 | 00814nam a22002177a 4500 | ||
|---|---|---|---|
| 999 |
_c63860 _d63860 |
||
| 005 | 20240530110702.0 | ||
| 008 | 171225s2014 ua a f b 000 0dara d | ||
| 017 |
_a2014/9416 _bمصر. دار الكتب |
||
| 020 | _a9789774488559 | ||
| 040 |
_aEG-CaGPL _cEG-CaGPL |
||
| 082 | 0 | 4 |
_221 _a355.3432 _bق/ع ب |
| 100 | 0 | _aعادل شاهين | |
| 245 | 1 | 0 |
_aبرج القاهرة : _bاول مهمة قومية للمخابرات العامة المصرية / _cعادل شاهين |
| 250 | _aط.1 | ||
| 260 |
_aالقاهرة : _bالهيئة المصرية العامة للكتاب ، _c2014 . |
||
| 300 |
_a111 ص. ؛ _c20 سم. |
||
| 650 | 0 | 7 |
_2qrmak _aبرج القاهرة _zمصر |
| 651 | 0 | 7 |
_2qrmak _aالقاهرة _xتاريخ |
| 942 |
_2ddc _cBK |
||